000 00253nam a2200109Ia 4500
008 190216s9999||||xx |||||||||||||| ||und||
100 _aBalakrishna Pillai A
245 0 _aMalayalam-Kamukan
260 _bNbs Kottayam
650 _aMalayalam
942 _cBK
999 _c25330
_d25330